Jack frost [

Bibliographic Details
Main Author: Miller, Troy
Format: Book
Published: s.l : Warner Bros , 1999

MARC

LEADER 00000cam a2200000 7i4500
001 0000042147
005 20010117.0
090 0 0 |a F   |b JAC 
100 1 |a Miller, Troy 
245 1 0 |a Jack frost [  |h digital video disc]   |c Troy Miller 
260 |a s.l :   |b Warner Bros ,   |c 1999 
300 |a 1 digital video disc (101 minutes) :   |b col 
500 |a Library has 1 copy 
999 |a AV 01375   |b DIGITAL VIDEO DISC   |c FICTION   |e PERPUSTAKAAN KOMUNITI PETALING JAYA